000 01079nam a2200289 a 4500
001 000001870
005 20200929145735.0
008 791105s1996 ag a b 000 0 spa d
020 _a0201653729
040 _aDO-SdBNP
_bspa
_cBNPHU
082 _a001.6424
_bG874p
100 1 _aGrogono, Peter.
_96104
245 1 0 _aProgramación en Pascal /
_cPeter Grogono ; versión en español de Gabriel Guerrero ; colaboración de Abdon Sánchez, Roberto Escalona.
250 _aEdición revisada
260 _aArgentina :
_bAddison-Wesley Iberoamericana,
_c1996.
300 _axi, 385 p. :
_bil. ;
_c23 cm.
500 _aVersión en español de Gabriel Guerrero
534 _aTítulo original:
_tProgramming in Pascal
650 4 _aPascal (lenguaje de programación para computadores)
_96105
650 4 _aProgramación (computadores electrónicos)
_93871
650 4 _aLenguajes de programación (computadores electrónicos)
_96106
700 1 _aGuerrero, Gabriel
_96107
700 1 _aSánchez, Abdon
_96108
700 1 _aEscalona, Roberto
_96109
910 _aWM
049 _aBNGR
999 _c1747
_d1747